| 000 | 01233cam a2200337 a 4500 | ||
|---|---|---|---|
| 001 | 11877097 | ||
| 003 | OSt | ||
| 005 | 20140310184507.0 | ||
| 008 | 991228s2000 flua b 000 1 eng | ||
| 010 | _a 99461966 | ||
| 020 | _a0439274613 | ||
| 040 |
_aDLC _cDLC |
||
| 042 | _alcac | ||
| 050 | 0 | 0 |
_aPZ 7 _b.W15875Ap 2001 |
| 100 | 1 |
_aWallace, Nancy Elizabeth. _928978 |
|
| 245 | 1 | 0 |
_aApples, apples, apples / _cwritten and illustrated by Nancy Elizabeth Wallace. |
| 250 | _a1st ed. | ||
| 260 |
_aDelray Beach, FL : _bWinslow Press, _c2001 |
||
| 300 |
_bcol. ill. ; _c20 cm. |
||
| 520 | _aMembers of the Rabbit family visit an apple orchard, where they have fun picking apples and discovering their many uses. Includes a recipe for applesauce, directions for a craft activity, and sayings about apples. | ||
| 521 | _aG1 | ||
| 526 | _c260 | ||
| 562 | _e1 | ||
| 650 | 1 |
_aApples _vFiction. _928979 |
|
| 650 | 1 |
_aOrchards _vFiction. _928980 |
|
| 650 | 1 |
_aRabbits _vFiction. _928981 |
|
| 906 |
_a7 _bcbc _corignew _d1 _eocip _f19 _gy-gencatlg |
||
| 942 |
_2lcc _cBK-SCHOLAS |
||
| 999 |
_c34844 _d34844 |
||